[Event "Hessen-Mecklenburg-Vorpommern 2"]
[Site "Wismar"]
[Date "2009.10.03"]
[Round "7.1"]
[White "Lehmann, Ruben"]
[Black "Hoegy, Kevin"]
[Result "1/2-1/2"]
[WhiteElo "1846"]
[BlackElo "2145"]
[PlyCount "26"]
[EventDate "2009.??.??"]
[WhiteTeam "Mecklenburg-Vorpommern 2"]
[BlackTeam "Hessen"]

1. d4 d5 2. c4 e6 3. Nc3 Be7 4. e3 Nf6 5. Nf3 O-O 6. Bd3 dxc4 7. Bxc4 c5 8. O-O
Nc6 9. dxc5 Bxc5 10. a3 Qe7 11. e4 Rd8 12. Qe2 e5 13. Bg5 Be6 1/2-1/2

[Event "Hessen-Mecklenburg-Vorpommern 2"]
[Site "Wismar"]
[Date "2009.10.03"]
[Round "7.2"]
[White "Rafiee, Makan"]
[Black "Wolf, Christoph"]
[Result "1/2-1/2"]
[WhiteElo "2136"]
[BlackElo "1963"]
[PlyCount "35"]
[EventDate "2009.??.??"]
[WhiteTeam "Hessen"]
[BlackTeam "Mecklenburg-Vorpommern 2"]

1. e4 c5 2. Nf3 Nc6 3. d4 cxd4 4. Nxd4 e5 5. Nb5 a6 6. Nd6+ Bxd6 7. Qxd6 Qf6 8.
Qd2 Qg6 9. f3 Nf6 10. c4 O-O 11. Bd3 d6 12. Nc3 Nd7 13. Qg5 Nc5 14. Qxg6 Nxd3+
15. Kd2 hxg6 16. Kxd3 Nb4+ 17. Ke2 b5 18. cxb5 1/2-1/2

[Event "Hessen-Mecklenburg-Vorpommern 2"]
[Site "Wismar"]
[Date "2009.10.03"]
[Round "7.3"]
[White "Schreiber, Kevin"]
[Black "Aslan, Benjamin"]
[Result "1/2-1/2"]
[WhiteElo "1752"]
[BlackElo "2040"]
[PlyCount "112"]
[EventDate "2009.??.??"]
[WhiteTeam "Mecklenburg-Vorpommern 2"]
[BlackTeam "Hessen"]

1. d4 Nf6 2. Bf4 e6 3. e3 Be7 4. Nd2 c5 5. c3 b6 6. Ngf3 Nh5 7. Bg3 Nxg3 8.
hxg3 d6 9. Bd3 Nd7 10. Qe2 Bb7 11. O-O O-O 12. e4 Qc7 13. Rfe1 Rfd8 14. a4 Rac8
15. Nc4 d5 16. Nce5 cxd4 17. Nxd7 Qxd7 18. Nxd4 dxe4 19. Bxe4 Bxe4 20. Qxe4 Bf6
21. Nf3 Qd5 22. Qe2 Qb3 23. a5 b5 24. Ra3 Qc4 25. Raa1 b4 26. Qe3 bxc3 27. bxc3
Bxc3 28. Rec1 Qc5 29. Qf4 Qb4 30. Qxb4 Bxb4 31. Rcb1 Rb8 32. Ne5 Rdc8 33. Ra4
Bc5 34. Rxb8 Rxb8 35. Rc4 Rc8 36. Kh2 Rc7 37. Nd3 Bd6 38. Rd4 Be7 39. Nb4 g6
40. Na6 Rb7 41. Rc4 Kg7 42. Kh3 Rb5 43. Rc7 Bd6 44. Rd7 Be5 45. f4 Rxa5 46. Nb4
Bf6 47. Nc6 Ra3 48. Nxa7 h5 49. Nb5 Ra1 50. Kh2 Ra8 51. Nc7 Ra3 52. Nxe6+ Kg8
53. Nd8 Bxd8 54. Rxd8+ Kg7 55. Rd7 Kf6 56. Rd6+ Kf5 1/2-1/2

[Event "Hessen-Mecklenburg-Vorpommern 2"]
[Site "Wismar"]
[Date "2009.10.03"]
[Round "7.4"]
[White "Goebel, Constantin"]
[Black "Valet, Alexander"]
[Result "1/2-1/2"]
[WhiteElo "2009"]
[BlackElo "1887"]
[PlyCount "92"]
[EventDate "2009.??.??"]
[WhiteTeam "Hessen"]
[BlackTeam "Mecklenburg-Vorpommern 2"]

1. e4 d5 2. exd5 Qxd5 3. Nc3 Qa5 4. d4 c6 5. Bc4 Bf5 6. Nf3 e6 7. Bd2 Qc7 8.
Qe2 Nf6 9. Ne5 Nbd7 10. Nxd7 Kxd7 11. O-O-O Rd8 12. Bg5 Kc8 13. h3 Bd6 14. g3
Rd7 15. Bb3 Rhd8 16. Kb1 Be7 17. Bf4 Bd6 18. Be3 Nd5 19. Bxd5 exd5 20. g4 Bg6
21. h4 h6 22. h5 Bh7 23. g5 hxg5 24. Bxg5 f6 25. Bc1 Re7 26. Qg4+ Qd7 27. Rhg1
Rde8 28. Qxd7+ Kxd7 29. Rg2 Rf7 30. Rdg1 Ree7 31. f3 Bf5 32. Nd1 Bh3 33. Rf2 c5
34. Rh1 Be6 35. f4 Bf5 36. Be3 c4 37. Bd2 Be4 38. Rg1 Rf8 39. Nc3 a6 40. Nxe4
dxe4 41. Be3 Rh8 42. Rh1 g6 43. Rg2 gxh5 44. Rh4 Ke6 45. Rgh2 Reh7 46. Kc1 Bc7
1/2-1/2

[Event "Hessen-Mecklenburg-Vorpommern 2"]
[Site "Wismar"]
[Date "2009.10.03"]
[Round "7.5"]
[White "Siegert, Gregor"]
[Black "Breitwieser, Jasmin"]
[Result "0-1"]
[WhiteElo "1435"]
[BlackElo "1866"]
[PlyCount "88"]
[EventDate "2009.??.??"]
[WhiteTeam "Mecklenburg-Vorpommern 2"]
[BlackTeam "Hessen"]

1. e4 c5 2. Nf3 d6 3. d4 cxd4 4. Nxd4 Nf6 5. Nc3 e6 6. Bg5 Be7 7. f4 Nc6 8. Bb5
Bd7 9. Bxc6 bxc6 10. Qd3 Rb8 11. b3 O-O 12. O-O Ne8 13. Bxe7 Qxe7 14. Kh1 d5
15. Rae1 c5 16. Nf3 d4 17. Ne2 f6 18. c3 Bb5 19. Qd2 e5 20. c4 Bc6 21. Ng3 Nd6
22. f5 Qb7 23. Qd3 a5 24. Nd2 a4 25. Rb1 Qa6 26. Rfe1 axb3 27. axb3 Rb4 28. h3
Ra8 29. Ne2 Qb7 30. Ng3 Rb6 31. Kh2 Rba6 32. h4 Ra2 33. Rbd1 Qb4 34. Ne2 Rb2
35. Nc1 Qc3 36. Re2 Ra1 37. Qxc3 dxc3 38. Nf3 Rxe2 39. Rxd6 Rxc1 40. Rxc6 h5
41. Rc7 c2 42. Rc8+ Kh7 43. Ng5+ fxg5 44. hxg5 Rh1+ 0-1

[Event "Hessen-Mecklenburg-Vorpommern 2"]
[Site "Wismar"]
[Date "2009.10.03"]
[Round "7.6"]
[White "Tran, My Linh"]
[Black "Wulf, Constanze"]
[Result "1-0"]
[WhiteElo "1813"]
[BlackElo "1276"]
[PlyCount "65"]
[EventDate "2009.??.??"]
[WhiteTeam "Hessen"]
[BlackTeam "Mecklenburg-Vorpommern 2"]

1. e4 c5 2. Nf3 Nc6 3. d4 cxd4 4. Nxd4 g6 5. Nc3 Bg7 6. Be3 d6 7. f3 Nf6 8. Qd2
Nxd4 9. Bxd4 O-O 10. g4 a6 11. O-O-O b5 12. h4 b4 13. Ne2 a5 14. Kb1 Rb8 15.
Nc1 a4 16. h5 h6 17. hxg6 fxg6 18. Bc4+ Kh7 19. g5 Nh5 20. Bxg7 Kxg7 21. gxh6+
Kh7 22. Rxh5 Ba6 23. Bxa6 gxh5 24. Bc4 Rf6 25. e5 Rxf3 26. Qg5 Qf8 27. Bd3+ Kh8
28. Qxh5 Re3 29. exd6 exd6 30. Rg1 Re6 31. h7 Qe7 32. Qg4 Qe8 33. Qg7# 1-0

[Event "Hessen-Mecklenburg-Vorpommern 2"]
[Site "Wismar"]
[Date "2009.10.03"]
[Round "7.8"]
[White "Keller, Peter"]
[Black "Wagner, Swenja"]
[Result "1-0"]
[WhiteElo "1799"]
[BlackElo "845"]
[PlyCount "97"]
[EventDate "2009.??.??"]
[WhiteTeam "Hessen"]
[BlackTeam "Mecklenburg-Vorpommern 2"]

1. e4 e5 2. Nf3 Nc6 3. Bc4 Bc5 4. c3 Nf6 5. d3 d6 6. Bb3 Bg4 7. O-O O-O 8. Nbd2
h6 9. Re1 Re8 10. h3 Bh5 11. Nf1 Qd7 12. Ng3 Bg6 13. Bc2 Rad8 14. Be3 Bxe3 15.
fxe3 d5 16. exd5 Qxd5 17. e4 Qc5+ 18. Kh2 Qf2 19. Qe2 Qxe2 20. Rxe2 Nh5 21.
Nxh5 Bxh5 22. g4 Bg6 23. Nh4 Rf8 24. Nxg6 fxg6 25. Kg2 h5 26. Rf1 Rxf1 27. Kxf1
Rf8+ 28. Rf2 hxg4 29. Bb3+ Kh7 30. Rxf8 gxh3 31. Rf7 g5 32. Bd1 Kg6 33. Rxc7
Nd8 34. Bg4 h2 35. Kg2 h1=Q+ 36. Kxh1 a5 37. Rd7 Nc6 38. Rxb7 Nd8 39. Rb5 a4
40. d4 exd4 41. cxd4 Nf7 42. d5 Ne5 43. Bf5+ Kh6 44. d6 g6 45. Rxe5 a3 46. bxa3
gxf5 47. d7 Kh5 48. d8=Q fxe4 49. Qxg5# 1-0